LEADER 00857nam0-22003131i-450- 001 990005677460403321 005 20101228114157.0 035 $a000567746 035 $aFED01000567746 035 $a(Aleph)000567746FED01 035 $a000567746 100 $a19990604d1975----km-y0itay50------ba 101 0 $aita 105 $ay-------001yy 200 1 $a<>famiglia dell'obbligo$fC. Sergio 210 $aCosenza$cC.M. Lerici$d1975 215 $a251 p.$d21 cm 300 $aIn cop. prefazione di Franco Basaglia 610 0 $aFamiglia$aSociologia 676 $a306.85 676 $a301.42 700 1$aSergio,$bConcetto$0401470 801 0$aIT$bUNINA$gRICA$2UNIMARC 901 $aBK 912 $a990005677460403321 952 $a306.85 SER 1$bIst.st.ped. 3237$fFLFBC 959 $aFLFBC 996 $aFamiglia dell'obbligo$9601194 997 $aUNINA LEADER 01356nam a2200385 i 4500 001 991001289319707536 005 20020507190719.0 008 940301s1986 uk ||| | eng 020 $a0582988950 035 $ab10826853-39ule_inst 035 $aLE01309988$9ExL 040 $aDip.to Matematica$beng 082 0 $a532.05 084 $aAMS 73-06 084 $aAMS 73-XX 084 $aAMS 73B 084 $aAMS 73F 084 $aAMS 76A 084 $aAMS 76D 084 $aAMS 76Z 084 $aQA911.R4 100 1 $aDe Kee, Daniel$060218 245 10$aRecent developments in structured continua[ :$blectures presented at the conference held at the Univ. of Windsor, May 29-31, 1985] /$ceds. Daniel De Kee, Purna N. Kaloni 260 $aHarlow :$bLongman,$c1986 300 $a283 p. ;$c24 cm. 490 0 $aPitman research notes in mathematics series, ISSN 02693674 ;$v143 500 $aConference/meeting Univ. Windsor 1985 650 4$aMechanics of solids 700 1 $aKaloni, Purna N. 907 $a.b10826853$b23-02-17$c28-06-02 912 $a991001289319707536 945 $aLE013 73-XX DEK11 (1986)$g1$i2013000130781$lle013$o-$pE0.00$q-$rl$s- $t0$u0$v0$w0$x0$y.i10934832$z28-06-02 996 $aRecent developments in structured continua$9924715 997 $aUNISALENTO 998 $ale013$b01-01-94$cm$da $e-$feng$guk $h0$i1